Remediation of the Environmental Burdens as a Tool for Sustainable Development of the Regions
Koncept integrovaného modelu sanácie starých environmentálnych záťaží. Dekompozícia konceptu a dimenzovanie vybraných funkčných premenných. Manažérstvo rizík skúmanej environmentálnej záťaže.
Salvato in:
| Autore principale: | |
|---|---|
| Altri autori: | , |
| Natura: | Capitolo di libro |
| Lingua: | slovacco |
| Soggetti: | |
| Tags: |
Nessun Tag, puoi essere il primo ad aggiungerne!!
|
MARC
| LEADER | 00000naa$a2200000$$$4500 | ||
|---|---|---|---|
| 001 | 0250210 | ||
| 005 | 20240502074016.5 | ||
| 041 | 0 | |a slo | |
| 044 | |a SK | ||
| 245 | 1 | 0 | |a Remediation of the Environmental Burdens as a Tool for Sustainable Development of the Regions |c Milan Majerník, Naqibullah Daneshjo, Gabriela Sančiová |
| 520 | |a Koncept integrovaného modelu sanácie starých environmentálnych záťaží. Dekompozícia konceptu a dimenzovanie vybraných funkčných premenných. Manažérstvo rizík skúmanej environmentálnej záťaže. | ||
| 610 | 2 | 0 | |a prostredie životné |
| 610 | 2 | 0 | |a rozvoj trvalo udržateľný |
| 610 | 2 | 0 | |a regióny |
| 610 | 2 | 0 | |a environmentalistika |
| 610 | 2 | 0 | |a riadenie rizík |
| 610 | 2 | 0 | |a záťaže environmentálne |
| 610 | 2 | 0 | |a rekultivácia |
| 610 | 2 | 0 | |a ekonomika environmentálna |
| 100 | 1 | |a Majerník, Milan, 1952- | |
| 700 | 1 | |a Daneshjo, Naqibullah, 1964- | |
| 700 | 1 | |a Sančiová, Gabriela, 1991- | |